| 000 | 00612nam a2200181 a 4500 | ||
|---|---|---|---|
| 005 | 20240907063650.0 | ||
| 008 | 991125s1949 ea 000 0 spa u | ||
| 035 | _aUPN01000017760 | ||
| 049 | _aCG | ||
| 050 | 4 |
_aLA400 _bS4.4 1948 |
|
| 111 | 2 |
_aSeminario Regional de Educación en la América Latina _d(1948 : _cCaracas) |
|
| 245 | 1 | 0 | _aEducación para la paz. |
| 260 |
_aWashington : _bUnión Panamericana, Departamento de Asuntos Culturales, _c1949. |
||
| 300 | _axxiv, 66 h. | ||
| 440 | 0 |
_aTrabajos colectivos e individuales ; _v5 |
|
| 650 | 4 |
_aEducación _zAmérica Latina _vCongresos _914699 |
|
| 905 | _aLibro | ||
| 999 |
_c17760 _d17760 |
||